000 00323nam a2200133Ia 4500
005 20251222143318.0
008 251222s9999||||xx |||||||||||||| ||spa||
020 _a84-96318-08-7
082 _a320.54/G15
100 _aGallegos, Andrés
245 0 _aLa Nación y El Nacionalismo:
264 _bSan Dámaso
942 _cLIB
999 _c15961
_d15961